000 00528nam a2200145Ia 4500
008 171212s9999 xx 000 0 und d
020 _a9781592134717
100 _aArluke, Arnold
245 _cArluke, Arnold
_aJust a Dog
_bUnderstanding Animal Cruelty and Ourselves
260 _bTemple University Press
_c2006
440 _aAnimals, Culture, and Society
650 _aAnimal welfare; Animal rights; Human-animal relationship -- Psychological aspects
650 _aPsychology
856 _uhttp://jstor.org/stable/j.ctt1bw1k2h
999 _c352845
_d352845